European Cities by Letter - B - Statistics

General Stats
  • This quiz has been taken 74 times
  • The average score is 11 of 20
Answer Stats
Clue City % Correct
Capital of Romania Bucharest
100%
Second largest city in Spain Barcelona
99%
Capital of Germany Berlin
97%
De facto capital of the European Union Brussels
96%
One of the dual capitals of Austria-Hungary Budapest
93%
Swiss city on the border of France and Germany Basel
80%
Birthplace of Black Sabbath Birmingham
79%
Largest city in Emilia-Romagna Bologna
79%
Port city on the western tip of Brittany Brest
61%
Known as the 'White City' Belgrade
59%
Former capital of Moravia Brno
51%
Known for its International Balloon Fiesta Bristol
46%
Formally known as Bromberg Bydgoszcz
33%
Spanish city close to the Portuguese border Badajoz
23%
Home to the Museum of Human Evolution Burgos
17%
Located on the Wirral Peninsula Birkenhead
16%
Where Charles II of England spent in exile Breda
13%
Located on the Desna River Bryansk
9%
Major Belarusian industrial centre Barysaw
4%
North of the Beskid Mountains Bielsko-Biała
4%
No matching quizzes found
Score Distribution
Percent of People with Each Score
Percentile by Number Answered
Your Score History
You have not taken this quiz